Normal view MARC view
  • Poikselkä, Miikka

Entry Personal Name

Number of records used in: 2

001 - CONTROL NUMBER

  • control field: 69278

003 - CONTROL NUMBER IDENTIFIER

  • control field: NUST

005 - DATE AND TIME OF LATEST TRANSACTION

  • control field: 20210628204216.0

008 - FIXED-LENGTH DATA ELEMENTS

  • fixed length control field: 210628|| aca||aabn | a|a d

040 ## - CATALOGING SOURCE

  • Original cataloging agency: NUST
  • Transcribing agency: NUST

100 ## - HEADING--PERSONAL NAME

  • Personal name: Poikselkä, Miikka

670 ## - SOURCE DATA FOUND

  • Source citation: Work cat.: (NUST): Poikselkä, Miikka, The IMS : IP multimedia concepts and services in the mobile domain, 2004
© 2023 Central Library, National University of Sciences and Technology. All Rights Reserved.